Paroles La Bohème de Charles Aznavour - Statistiques

Statistiques générales
  • Ce quiz a été pris 190 fois
  • Le résultat moyen est 238 sur 312
Statistiques - réponses
Réponse % Correct
a
100%
à
100%
c'
100%
l'
100%
m'
100%
n'
100%
s'
100%
d'
99%
de
99%
99%
la
99%
le
99%
moi
99%
ne
99%
qu'
99%
que
99%
je
98%
les
98%
on
98%
pas
98%
un
98%
ans
96%
ce
96%
es
96%
moins
96%
peuvent
96%
temps
96%
vingt
96%
bohème
95%
connaître
95%
vous
95%
parle
94%
en
93%
et
93%
qui
90%
est
89%
ça
88%
mon
88%
toi
88%
ces
87%
dire
85%
lilas
84%
nous
84%
ses
84%
voulait
84%
ma
83%
nos
82%
nue
81%
connu
80%
heureux
79%
Montmartre
79%
fenêtres
78%
famine
77%
sous
77%
deux
76%
jour
76%
sur
76%
du
73%
ni
73%
tu
72%
criais
71%
jusque
71%
mangions
71%
mine
71%
posais
70%
si
70%
des
69%
au
67%
plus
67%
payait
65%
café
64%
garni
64%
tout
64%
une
64%
dans
63%
servait
63%
jolie
62%
jeunes
61%
rien
61%
veut
61%
accrochait
60%
humble
60%
étions
59%
tous
59%
vie
58%
son
57%
air
56%
bien
56%
chaud
56%
il
56%
quelque
56%
repas
56%
toile
56%
nid
55%
quand
55%
aime
54%
bon
54%
était
54%
y
54%
avec
53%
ont
53%
rues
53%
sont
53%
vers
53%
matin
52%
miséreux
52%
ventre
52%
avions
51%
contre
51%
creux
51%
gloire
51%
hiver
51%
uns
51%
attendions
50%
crème
50%
quelques
50%
reconnais
50%
vivions
50%
voisins
50%
cafés
49%
jeunesse
49%
morts
48%
nuits
48%
tour
48%
vu
48%
bistro
47%
cessions
47%
croire
47%
fous
47%
récitions
47%
sein
47%
faire
46%
adresse
45%
anciennne
45%
devant
45%
enfin
45%
galbe
45%
génie
45%
prenait
45%
oubliant
44%
vais
44%
autour
43%
dessin
43%
hanche
43%
jours
43%
poêle
43%
blanches
42%
passer
42%
chevalet
41%
mais
41%
murs
41%
arrivait
40%
escalier
40%
haut
40%
semble
40%
d'un
39%
fallait
39%
groupés
39%
hasard
39%
souvent
39%
triste
39%
asseyait
38%
décor
38%
ligne
38%
retouchant
38%
atelier
36%
nouveau
36%
subsiste
34%
dont
33%
cherche
27%
ravis
27%
épuisés
26%
Aucun quiz correspondant
Distribution des résultats
% des personnes avec chaque résultat
Percentile par nombre de réponses
Votre historique - résultats
Vous n’avez pas pris ce quiz